| 000 | 01600cam a2200361 a 4500 | ||
|---|---|---|---|
| 001 | 013401408 | ||
| 003 | Uk | ||
| 005 | 20061109213617.0 | ||
| 008 | 050929s2006 ilua b 001 0 eng | ||
| 020 | _a0867154527 | ||
| 040 |
_aDNLM/DLC _cDLC _dYDX _dNLM _dBAKER _dMUQ _dDLC _dUk |
||
| 042 | _aukblsr | ||
| 082 | 0 | 0 |
_a617.605 _222 _bFUN |
| 245 | 0 | 0 |
_aFundamentals of Operative Dentistry : _ba Contemporary Approach / _cedited by James B. Summitt ... [et al.] ; illustrations by Jose dos Santos Jr. |
| 250 | _a3rd ed. | ||
| 260 |
_aChicago ; _aLondon : _bQuintessence Pub., _cc2006. |
||
| 300 |
_axi, 599 p. : _bill. (some col.) ; _c29 cm. |
||
| 504 | _aIncludes bibliographical references and index. | ||
| 650 | 0 |
_aDentistry, Operative. _930617 |
|
| 650 | 1 | 2 |
_aDentistry, Operative _xinstrumentation. _930618 |
| 650 | 1 | 2 |
_aDentistry, Operative _xmethods. _930619 |
| 650 | 2 | 2 |
_aDental Caries _xprevention & control. _930620 |
| 650 | 2 | 2 |
_aDental Materials _xtherapeutic use. _930621 |
| 650 | 2 | 2 |
_aDental Prosthesis. _930622 |
| 650 | 2 | 2 |
_aEsthetics, Dental. _930623 |
| 653 |
_bDent _cJuly2012 |
||
| 700 | 1 |
_aSummitt, James B. _930624 |
|
| 942 |
_2ddc _cBB |
||
| 999 |
_c16877 _d16877 |
||